Solución IP PBX en una NGN
La investigación aborda la tecnología IP PBX para sustituir la tecnología heredada E1 PRI, dentro de una red de telecomunicaciones unificadas es la mejor opción para dejar atrás la tecnología hereda E1 PRI, actualmente dominante en el mercado nicaragüense para prestar este tipo de servicio...
| Main Authors: | , |
|---|---|
| Other Authors: | |
| Format: | Tesis Section = Libro |
| Language: | Undetermined Spanish |
| Published: |
Managua
UNI
2019
|
| Subjects: |
| LEADER | 01070nam a2200265Ia 4500 | ||
|---|---|---|---|
| 008 | 240830s9999 xx 000 0 und d | ||
| 040 | |a BIBLIOTECA-RUSB/ Mon 621.385 G633 | ||
| 041 | |a spa | ||
| 082 | |a Mon 621.385 G633 | ||
| 100 | 1 | |a Gómez Torres, Héctor José | |
| 100 | 1 | |b Cerda Siezar, Niels Ramón | |
| 245 | 1 | 0 | |a Solución IP PBX en una NGN |
| 260 | |a Managua |b UNI |c 2019 | ||
| 300 | |a 118 p. :il. | ||
| 500 | |a Contiene: anexos y CD. | ||
| 502 | |a Tesis (Ingeniero Electrónico) - UNI, 2019. | ||
| 520 | 3 | |a La investigación aborda la tecnología IP PBX para sustituir la tecnología heredada E1 PRI, dentro de una red de telecomunicaciones unificadas es la mejor opción para dejar atrás la tecnología hereda E1 PRI, actualmente dominante en el mercado nicaragüense para prestar este tipo de servicio | |
| 650 | 7 | |a TELEFONIA POR INTERNETE | |
| 650 | 7 | |b TELEFONIA | |
| 650 | 7 | |c CENTRALES TELEFONICAS | |
| 650 | 7 | |d REDES DE TELECOMUNICACIONES | |
| 700 | 1 | |a Tutor: |b Flores Guido, Fernando | |
| 942 | |c BK |2 ddc | ||
| 991 | |a TESIS | ||
| 999 | |c 20315 | ||